|
|
|
|
| LEADER |
00808cam a2200241 7i4500 |
| 001 |
0000067381 |
| 005 |
20220324090000.0 |
| 020 |
|
|
|a 9781292027838
|
| 090 |
0 |
0 |
|a RT81.5
|b .N54 2014
|
| 100 |
1 |
|
|a Nieswiadomy, Rose Marie
|
| 245 |
1 |
0 |
|a Foundations of nursing research
|c Rose Marie Nieswiadomy.
|
| 250 |
|
|
|a Sixth Edition.
|
| 264 |
|
|
|a New York:
|b Pearson,
|c 2014.
|
| 300 |
|
|
|a 1 online resource (ii, 334 pages):
|b text file, PDF.
|
| 336 |
|
|
|a text
|2 rdacontent
|
| 337 |
|
|
|a computer
|2 rdamedia
|
| 338 |
|
|
|a online resource
|2 rdacarrier
|
| 650 |
0 |
0 |
|a Nursing --
|x Research --
|x Methodology
|
| 655 |
0 |
0 |
|a Electronic books
|
| 856 |
4 |
2 |
|u http://library.unisel.edu.my/web/guest/mylibrary
|
| 997 |
|
|
|a Health Sciences, Faculty
|
| 998 |
|
|
|a Nursing, Diploma
|
| 999 |
|
|
|a EBO0011967
|b EBOOK
|c EBOOK
|e Electronic resources
|